000 01529cam a22004574i 4500
003 PE-LiUPU
005 20250731173059.0
008 150623s r 000 0 d
020 _a1563381133
035 _a(Sirsi) i9781563381133
040 _aPE-LiUPU
_bspa
_cPE-LiUPU
_erda
049 _aPRUA
082 0 4 _a248.86
_bM12
_221
100 1 _aMcCurley, Foster R.,
_eautor.
245 1 0 _aMaking sense out of sorrow :
_ba journey of faith /
_cFoster R. McCurley.
264 1 _aHarrisburg, Pensylvania :
_bTrinity Press International,
_c1995.
300 _a95 páginas ;
_c 15 centímetros
336 _atext
_2rdacontent
337 _aunmediated
_2rdamedia
338 _avolume
_2rdacarrier
505 0 _aWhy?. -Prayer. -Anger and thanksgiving. -Guilt and forgiveness. -Hope and eternity. -Reinvesting.
526 _aSEG42
526 _aSEG41
526 _aSEG40
526 _aSEG39
526 _aP94
526 _aP87
526 _aP86
526 _aP85
526 _aP77
526 _aP76
526 _aP35
650 0 4 _aAflicción
_xCristianismo.
700 1 _aWeitzman, Alan G.
942 _2ddc
_cBOOK
949 _a248.86 M12
_wDEWEY
_c1
_i48814
_lCCODEBUL1
_mBUL
_r0
_sY
_tBOOK
_u2015-6-24
_xTEOLOGIA
_PP35
_0COMPRA
_o.STAFF. Colección General
994 _aC0
_bPEPRU
596 _a1
999 _a248.86 M12
_wDEWEY
_c27974
_i48814
_f2021-11-10
_g5
_lCCODEBUL1
_mBUL
_r0
_sY
_tBOOK
_u2015-6-24
_xTEOLOGIA
_PP35
_0COMPRA
_o.STAFF. Colección General
_d27974
980 _81
_gALBERTO SANCHEZ Responsable de Automatización